000 01089nam a22002177a 4500
999 _c17978
_d17978
003 BDDh-ASL
005 20231015025650.0
008 200915b1970 ||||| |||| 00| 0 d
040 _aBDDh-ASL
_cBDDh-ASL
_dBDDh-ASL
041 _abengali
082 _a297.1
_bSHI
100 1 _aশহীদুল্লাহ্, ডক্টর মুহম্মদ
_9796
245 0 _aইসলাম প্রসঙ্গ/
_cডক্টর মুহম্মদ শহীদুল্লাহ্; মুহম্মদ সফিয়ুল্লাহ (সম্পা.)।
246 _aIslam Prashanga.
260 _aঢাকা:
_bমুহম্মদ সফিয়ুল্লাহ,
_c১৯৭০।
300 _aঢ, ২৬৭ পৃষ্ঠা:
_bছবি;
_c২৩ সে. মি.।
504 _aগ্রন্থপঞ্জি সংযুক্ত।
650 0 _9798
_aইসলামিক সমাজ ব্যবস্থা
_xইসলাম ধর্ম
700 _aসফিয়ুাল্লাহ্, মুহম্মদ
_9799
942 _2ddc
_cBK